<?xml version="1.0" encoding="UTF-8"?>
<record
    xmlns:xsi="http://www.w3.org/2001/XMLSchema-instance"
    xsi:schemaLocation="http://www.loc.gov/MARC21/slim http://www.loc.gov/standards/marcxml/schema/MARC21slim.xsd"
    xmlns="http://www.loc.gov/MARC21/slim">

  <leader>03474cam a22004097i 4500</leader>
  <controlfield tag="001">18648729</controlfield>
  <controlfield tag="003">OSt</controlfield>
  <controlfield tag="005">20230818155710.0</controlfield>
  <controlfield tag="008">150605t20172017at a     b    001 0 eng d</controlfield>
  <datafield tag="010" ind1=" " ind2=" ">
    <subfield code="a">  2015943329</subfield>
  </datafield>
  <datafield tag="020" ind1=" " ind2=" ">
    <subfield code="a">9789391566111</subfield>
  </datafield>
  <datafield tag="020" ind1=" " ind2=" ">
    <subfield code="a">9781305632295</subfield>
  </datafield>
  <datafield tag="020" ind1=" " ind2=" ">
    <subfield code="a">130563229X</subfield>
    <subfield code="q">(hbk)</subfield>
  </datafield>
  <datafield tag="035" ind1=" " ind2=" ">
    <subfield code="a">(OCoLC)ocn946635421</subfield>
  </datafield>
  <datafield tag="040" ind1=" " ind2=" ">
    <subfield code="a">ELW</subfield>
    <subfield code="b">eng</subfield>
    <subfield code="c">ELW</subfield>
    <subfield code="e">rda</subfield>
    <subfield code="d">OCLCF</subfield>
    <subfield code="d">JHE</subfield>
    <subfield code="d">YDXCP</subfield>
    <subfield code="d">BTCTA</subfield>
    <subfield code="d">YDX</subfield>
    <subfield code="d">DLC</subfield>
  </datafield>
  <datafield tag="042" ind1=" " ind2=" ">
    <subfield code="a">lccopycat</subfield>
  </datafield>
  <datafield tag="050" ind1="0" ind2="0">
    <subfield code="a">HG4026</subfield>
    <subfield code="b">.B669 2017</subfield>
  </datafield>
  <datafield tag="082" ind1="0" ind2="4">
    <subfield code="a">658.15</subfield>
    <subfield code="b">BRI/F</subfield>
  </datafield>
  <datafield tag="100" ind1=" " ind2=" ">
    <subfield code="a">Brigham, Eugene F</subfield>
    <subfield code="d">1930-</subfield>
    <subfield code="e">author.</subfield>
    <subfield code="9">1146</subfield>
  </datafield>
  <datafield tag="245" ind1="1" ind2="0">
    <subfield code="a">Financial management :</subfield>
    <subfield code="b">theory &amp; practice /</subfield>
    <subfield code="c">Eugene F. Brigham, University of Florida, Michael C. Ehrhardt, University of Tennessee.</subfield>
  </datafield>
  <datafield tag="250" ind1=" " ind2=" ">
    <subfield code="a">15e.</subfield>
  </datafield>
  <datafield tag="264" ind1=" " ind2="1">
    <subfield code="a">Australia ;</subfield>
    <subfield code="a">Boston, MA :</subfield>
    <subfield code="b">Cengage Learning,</subfield>
    <subfield code="c">[2017]</subfield>
  </datafield>
  <datafield tag="264" ind1=" " ind2="4">
    <subfield code="c">&#xA9;2014</subfield>
  </datafield>
  <datafield tag="300" ind1=" " ind2=" ">
    <subfield code="a">xxxii, 1180 pages :</subfield>
    <subfield code="b">color illustrations ;</subfield>
    <subfield code="c">26 cm</subfield>
  </datafield>
  <datafield tag="336" ind1=" " ind2=" ">
    <subfield code="a">text</subfield>
    <subfield code="b">txt</subfield>
    <subfield code="2">rdacontent</subfield>
  </datafield>
  <datafield tag="337" ind1=" " ind2=" ">
    <subfield code="a">unmediated</subfield>
    <subfield code="b">n</subfield>
    <subfield code="2">rdamedia</subfield>
  </datafield>
  <datafield tag="338" ind1=" " ind2=" ">
    <subfield code="a">volume</subfield>
    <subfield code="b">nc</subfield>
    <subfield code="2">rdacarrier</subfield>
  </datafield>
  <datafield tag="504" ind1=" " ind2=" ">
    <subfield code="a">Includes bibliographical references and indexes.</subfield>
  </datafield>
  <datafield tag="505" ind1="0" ind2=" ">
    <subfield code="a">1: An Overview of Financial Management and the Financial Environment. Web Extensions. 1A: An Overview of Derivatives. 1B: A Closer Look at the Stock Markets. 2: Financial Statements, Cash Flow, and Taxes. Web Extensions. 2A: The Federal Income Tax System for Individuals. 3: Analysis of Financial Statements. 4: Time Value of Money. Web Extensions. 4A: The Tabular Approach. 4B: Derivation of Annuity Formulas. 4C: Continuous Compounding. 5: Bonds, Bond Valuation, and Interest Rates. Web Extensions. 5A: A Closer Look at Zero Coupon Bonds. 5B: A Closer Look at TIPS: Treasury Inflation-Protected Securities. 5C: A Closer Look at Bond Risk: Duration. 5D: The Pure Expectations Theory and Estimation of Forward Rates. 6: Risk and Return. Web Extensions. 6A: Continuous Probability Distributions. 6B: Estimating Beta with a Financial Calculator. 7: Valuation of Stocks and Corporations. Web Extensions. 7A: Derivation of Valuation Equations. 8: Financial Options and Applications in Corporate Finance. 9: The Cost of Capital. Web Extensions. 9A: The Required Return Assuming Nonconstant Dividends and Stock. Repurchases. 10: Basics of Capital Budgeting: Evaluating Cash Flows. Web Extensions. 10A: The Accounting Rate of Return (ARR). 11: Cash Flow Estimation and Risk Analysis. Web Extensions. 11A: Certainty Equivalents and Risk-Adjusted Discount Rates. 12: Corporate Valuation and Financial Planning. 13: Corporate Governance. 14: Distributions to Shareholders: Dividends and Repurchases. 15: Capital Structure Decisions. Web Extensions15A: Degree of Leverage. 16: Supply Chains and Working Capital Management. Web Extensions. 16A: Secured Short-Term Financing. 17: Multinational Financial Management. 18: Public and Private Financing: Initial Offerings, Seasoned Offerings, and Investment Banks. Web Extensions. 18A: Rights Offerings. 19: Lease Financing. Web Extensions. 19A: Leasing Feedback. 19B: Percentage Cost Analysis. 19C: Leveraged Leases. 20: Hybrid Financing: Preferred Stock, Warrant.</subfield>
  </datafield>
  <datafield tag="650" ind1=" " ind2="0">
    <subfield code="a">Corporations</subfield>
    <subfield code="x">Finance.</subfield>
  </datafield>
  <datafield tag="650" ind1=" " ind2="7">
    <subfield code="a">Corporations</subfield>
    <subfield code="x">Finance.</subfield>
    <subfield code="2">fast</subfield>
    <subfield code="0">(OCoLC)fst00879841</subfield>
  </datafield>
  <datafield tag="700" ind1="1" ind2=" ">
    <subfield code="a">Ehrhardt, Michael C.,</subfield>
    <subfield code="d">1955-</subfield>
    <subfield code="e">author.</subfield>
  </datafield>
  <datafield tag="906" ind1=" " ind2=" ">
    <subfield code="a">7</subfield>
    <subfield code="b">cbc</subfield>
    <subfield code="c">copycat</subfield>
    <subfield code="d">2</subfield>
    <subfield code="e">ncip</subfield>
    <subfield code="f">20</subfield>
    <subfield code="g">y-gencatlg</subfield>
  </datafield>
  <datafield tag="942" ind1=" " ind2=" ">
    <subfield code="2">ddc</subfield>
    <subfield code="c">BK</subfield>
    <subfield code="h">658.15</subfield>
    <subfield code="i">BRI/F</subfield>
    <subfield code="k">658.15</subfield>
    <subfield code="m">BRI/F</subfield>
  </datafield>
  <datafield tag="952" ind1=" " ind2=" ">
    <subfield code="0">0</subfield>
    <subfield code="1">0</subfield>
    <subfield code="2">ddc</subfield>
    <subfield code="4">0</subfield>
    <subfield code="7">0</subfield>
    <subfield code="8">MANAGEMENT</subfield>
    <subfield code="a">MES</subfield>
    <subfield code="b">MES</subfield>
    <subfield code="c">MANAGEMENT</subfield>
    <subfield code="d">2023-08-18</subfield>
    <subfield code="l">0</subfield>
    <subfield code="o">658.15 BRI/F</subfield>
    <subfield code="p">42107</subfield>
    <subfield code="r">2023-08-18 15:58:11</subfield>
    <subfield code="v">1099.00</subfield>
    <subfield code="w">2023-08-18</subfield>
    <subfield code="y">BK</subfield>
    <subfield code="z">GL57R3</subfield>
  </datafield>
  <datafield tag="999" ind1=" " ind2=" ">
    <subfield code="c">41918</subfield>
    <subfield code="d">41918</subfield>
  </datafield>
</record>
